书目信息 |
| 题名: |
新疆细毛羊的育成及其性能
|
|
| 作者: | 张松荫 编著 | |
| 分册: | ||
| 出版信息: | 北京 财政经济出版社 1957 |
|
| 页数: | 55页 | |
| 开本: | 20cm | |
| 丛书名: | ||
| 单 册: | ||
| 中图分类: | S826 | |
| 科图分类: | ||
| 主题词: | 家畜 | |
| 电子资源: | ||
| ISBN: | ||
| 000 | 00583nam0 2200205 450 | |
| 001 | 0639873374 | |
| 005 | 20060523110621.70 | |
| 010 | @dCNY0.20 | |
| 091 | @a16005.167 | |
| 100 | @a20060523d1957 km y0chiy0120 ea | |
| 101 | 0 | @achi |
| 102 | @aCN@b110000 | |
| 200 | 1 | @a新疆细毛羊的育成及其性能@Axin jiang xi mao yang de yu cheng ji qi xing neng@f张松荫编著@Fzhang song yin bian zhu |
| 210 | @a北京@c财政经济出版社@d1957 | |
| 215 | @a55页@d20cm | |
| 606 | 0 | @a家畜 |
| 690 | @aS826@v3 | |
| 701 | 0 | @a张松荫@Azhang song yin@4编著 |
| 801 | 0 | @aCN@bPFT@c20060523 |
| 905 | @a10447@dS826@e2 | |
| 新疆细毛羊的育成及其性能/张松荫编著.-北京:财政经济出版社,1957 |
| 55页;20cm |
| ISBN :CNY0.20 |
| ● |
| 相关链接 |
|
|
|
|
正题名:新疆细毛羊的育成及其性能
索取号:S826/2
 
预约/预借
| 序号 | 登录号 | 条形码 | 馆藏地/架位号 | 状态 | 备注 |
| 1 | 0018049 | 202371138 | 密集书库/ [索取号:S826/2] | 在馆 |